000 00676nam a2200169 a 4500
008 080912s2007 ||||||||||||||||| || u
050 _aIBRD(08)
100 _aBinningsbo, Helga Malmin: Gates Scott
245 1 0 _aPost-Conflict justice and Sustainable Peace
260 _aWashington, D. C.
_bWorld Bank
_c2007
300 _a23p.; ill.
350 _a0.00
490 _aWorld Bank policy research working papers
650 _aPOST-CONFLICT JUSTICE--SUSTAINABLE PEACE
700 _aLie, Tove Grete
995 _D0.00
_FCBU-MAIN LIBRARY (Kitwe)
_H1
_I0.00
_M1
_UAVAILABLE
_WSep 12, 2008
_ZInternational Publications
999 _c54061
_d54061